Construcción & arquitectura / (Record no. 183457)

MARC details
000 -CABECERA
campo de control de longitud fija 00717nam a2200229 u 4500
005 - FECHA Y HORA DE LA ÚLTIMA TRANSACCIÓN
campo de control 20210223132956.0
008 - ELEMENTOS DE LONGITUD FIJA--INFORMACIÓN GENERAL
campo de control de longitud fija 160610s2002 r 000 0 eng d
020 ## - NÚMERO INTERNACIONAL NORMALIZADO PARA LIBROS
Número Internacional Estándar del Libro 9788434225060
035 ## - NÚMERO DE CONTROL DEL SISTEMA
Número de control de sistema UPN01000211356
049 ## - COLECCIÓN
Colección I
050 #4 - SIGNATURA TOPOGRÁFICA DE LA BIBLIOTECA DEL CONGRESO
Número de clasificación TH149
Número de documento/Ítem R6.2
100 1# - ASIENTO PRINCIPAL--NOMBRE PERSONAL
Nombre de persona Rodríguez, Alicia
9 (RLIN) 35839
245 10 - MENCIÓN DE TÍTULO
Título Construcción & arquitectura /
Mención de responsabilidad, etc. Alicia Rodríguez ; colab. Agustín González.
260 ## - PUBLICACIÓN, DISTRIBUCIÓN, ETC.
Lugar de publicación, distribución, etc. Barcelona, Esp. :
Nombre del editor, distribuidor, etc. Parramón,
Fecha de publicación, distribución, etc. 2002.
300 ## - DESCRIPCIÓN FÍSICA
Extensión 48 p. :
Otras características físicas il. col.
440 #0 - MENCIÓN DE SERIE/ASIENTO SECUNDARIO--TÍTULO
Título Pequeño ingeniero
650 #4 - ASIENTO SECUNDARIO DE MATERIA - TERMINO TEMATICO
Término de materia o nombre geográfico como elemento de entrada CONSTRUCCION -
Subdivisión de forma LITERATURA INFANTIL
9 (RLIN) 25250
650 #4 - ASIENTO SECUNDARIO DE MATERIA - TERMINO TEMATICO
Término de materia o nombre geográfico como elemento de entrada ARQUITECTURA -
Subdivisión de forma LITERATURA JUVENIL
9 (RLIN) 23259
700 1# - ASIENTO SECUNDARIO--NOMBRE DE PERSONAL
Nombre de persona González, Agustín
Término indicativo de función/relación colab.
905 ## - TIPO DE MATERIAL
Tipo de material Infantil
Holdings
Estado de retiro Estado de pérdida Fuente del sistema de clasificación o colocación Estado dañado No para préstamo Código de colección Localización permanente Ubicación/localización actual Ubicación en estantería Fecha de adquisición Total de préstamos Renovaciones totales Clasificación Código de barras Fecha visto por última vez Fecha del último préstamo Número de copia Tipo de ítem Koha
    Library of Congress Classification     Infantil Bib. Gregorio Torres Quintero Bib. Gregorio Torres Quintero Sala infantil Planta baja 24/02/2023 1 1 TH149 R6.2 310942 09/03/2023 24/02/2023 1 Libro